[Event "Aarhus GM Sommer 1993"]
[Site "Aarhus"]
[Date "1993.??.??"]
[Round "1"]
[White "Sorensen, Jan"]
[Black "Smagin, Sergey"]
[Result "1-0"]
[WhiteElo "2395"]
[BlackElo "2520"]
[PlyCount "53"]
[EventDate "1993.08.??"]
[EventType "tourn"]
[EventRounds "9"]
[EventCountry "DEN"]
[EventCategory "9"]
[SourceTitle "CB"]

1. e4 d5 2. exd5 Nf6 3. c4 c6 4. d4 cxd5 5. Nc3 e6 6. cxd5 Nxd5 7. Nf3 Be7 8.
Bd3 Nc6 9. O-O O-O 10. Re1 Bf6 11. Be4 Nce7 12. Qd3 g6 13. Bh6 Re8 14. h4 Qd6
15. Ne5 Bxh4 16. g3 Bf6 17. Qf3 Rf8 18. Bxf8 Kxf8 19. Bxd5 Nxd5 20. Ne4 Qe7 21.
Rac1 Kg7 22. Nxf6 Qxf6 23. Qe4 h5 24. Rc2 b6 25. Rec1 Qf5 26. Qxf5 gxf5 27.
Rxc8 1-0

[Event "Aarhus GM Sommer 1993"]
[Site "Aarhus"]
[Date "1993.??.??"]
[Round "1"]
[White "Berg, Klaus"]
[Black "Mainka, Romuald"]
[Result "1/2-1/2"]
[WhiteElo "2395"]
[BlackElo "2515"]
[PlyCount "108"]
[EventDate "1993.08.??"]
[EventType "tourn"]
[EventRounds "9"]
[EventCountry "DEN"]
[EventCategory "9"]
[SourceTitle "CB"]

1. e4 e5 2. Bc4 Nf6 3. d3 Nc6 4. Nf3 Be7 5. O-O O-O 6. Re1 d6 7. a4 Kh8 8. a5
a6 9. h3 Ng8 10. d4 exd4 11. Nxd4 Bg5 12. f4 Bh4 13. Rf1 Nxd4 14. Qxd4 f5 15.
e5 Ne7 16. Rd1 Nc6 17. Qe3 Bd7 18. g3 Be7 19. e6 Be8 20. Nc3 Bf6 21. Nd5 Ne7
22. Nxf6 Rxf6 23. b4 Bc6 24. g4 fxg4 25. hxg4 Rh6 26. Bb2 Nf5 27. gxf5 Rh1+ 28.
Kf2 Qh4+ 29. Ke2 Rh2+ 30. Kd3 Rh3 31. Rg1 Rg8 32. f6 Rxe3+ 33. Kxe3 gxf6 34.
Rxg8+ Kxg8 35. e7+ Kg7 36. Rg1+ Kh6 37. Bd5 Qh3+ 38. Kd4 Qd7 39. Bxc6 bxc6 40.
Re1 Qe8 41. Re6 Kh5 42. Ke3 Kg4 43. c4 h5 44. b5 cxb5 45. cxb5 axb5 46. a6 b4
47. a7 c5 48. a8=Q Qxa8 49. e8=Q Qf3+ 50. Kd2 Qd5+ 51. Ke1 Qh1+ 52. Kd2 Qd5+
53. Kc1 Qc4+ 54. Kb1 Qd3+ 1/2-1/2

[Event "Aarhus GM Sommer 1993"]
[Site "Aarhus"]
[Date "1993.??.??"]
[Round "2"]
[White "Mortensen, Erling"]
[Black "Sorensen, Jan"]
[Result "1-0"]
[WhiteElo "2445"]
[BlackElo "2395"]
[PlyCount "73"]
[EventDate "1993.08.??"]
[EventType "tourn"]
[EventRounds "9"]
[EventCountry "DEN"]
[EventCategory "9"]
[SourceTitle "CB"]

1. e4 e6 2. d4 d5 3. Nc3 Bb4 4. e5 Ne7 5. a3 Bxc3+ 6. bxc3 c5 7. Nf3 b6 8. Bb5+
Bd7 9. Bd3 Ba4 10. h4 h6 11. h5 Nbc6 12. Rh4 c4 13. Bf1 Kd7 14. Rf4 Qg8 15. g3
Qh7 16. Ra2 g5 17. hxg6 fxg6 18. Nh2 g5 19. Ng4 Qg6 20. Rf6 Qg7 21. Qf3 Nd8 22.
Ne3 h5 23. Bxc4 g4 24. Qh1 Rc8 25. Bd3 Rxc3 26. Bd2 Rc7 27. Rb2 Ndc6 28. c3 Na5
29. Rb4 Bc6 30. Ng2 Nb7 31. Qh4 Nd8 32. Bg5 Nf7 33. Be3 Ng8 34. Rg6 Qf8 35. Nf4
Nd8 36. Qg5 a5 37. Rxb6 1-0

[Event "Aarhus GM Sommer 1993"]
[Site "Aarhus"]
[Date "1993.??.??"]
[Round "2"]
[White "Taimanov, Mark E"]
[Black "Rasmussen, Karsten"]
[Result "1/2-1/2"]
[WhiteElo "2500"]
[BlackElo "2440"]
[PlyCount "102"]
[EventDate "1993.08.??"]
[EventType "tourn"]
[EventRounds "9"]
[EventCountry "DEN"]
[EventCategory "9"]
[SourceTitle "CB"]

1. Nf3 d5 2. b3 Bg4 3. e3 e5 4. h3 Bxf3 5. Qxf3 Nc6 6. Bb5 Nge7 7. Ba3 a6 8.
Bxc6+ Nxc6 9. Bxf8 Rxf8 10. Nc3 d4 11. Na4 Qe7 12. O-O f5 13. exd4 e4 14. Qd1
Nxd4 15. c3 Ne6 16. d4 O-O-O 17. Re1 Nf4 18. Re3 Nd5 19. Re1 Qg5 20. Kh1 Nf4
21. Rg1 Qh4 22. Qf1 g5 23. Nc5 Rf6 24. g3 Qxh3+ 25. Qxh3 Nxh3 26. Rgf1 h5 27.
Kg2 g4 28. Rad1 Rfd6 29. b4 h4 30. Rh1 c6 31. a4 Re8 32. Rde1 Rh8 33. Rb1 hxg3
34. fxg3 Rdh6 35. c4 f4 36. Nxe4 f3+ 37. Kf1 Re6 38. Nf2 Re2 39. Nxg4 Rg8 40.
Rxh3 Rxg4 41. Rd1 Rge4 42. Rh8+ Kc7 43. Rf8 Rh2 44. Rd3 Ree2 45. Rdxf3 Rc2 46.
R3f7+ Kd6 47. c5+ Kd5 48. Rf2 Rc1+ 49. Ke2 Rc2+ 50. Kf1 Rc1+ 51. Ke2 Rc2+
1/2-1/2

[Event "Aarhus GM Sommer 1993"]
[Site "Aarhus"]
[Date "1993.??.??"]
[Round "2"]
[White "Miles, Anthony John"]
[Black "Jelling, Erik"]
[Result "1/2-1/2"]
[WhiteElo "2565"]
[BlackElo "2395"]
[PlyCount "82"]
[EventDate "1993.08.??"]
[EventType "tourn"]
[EventRounds "9"]
[EventCountry "DEN"]
[EventCategory "9"]
[SourceTitle "CB"]

1. d4 d5 2. c4 c6 3. Bf4 dxc4 4. e3 b5 5. a4 e6 6. Nc3 Bb4 7. axb5 cxb5 8. Qf3
Qd5 9. Qg3 Qf5 10. Qxg7 Qc2 11. Nge2 Qxb2 12. Rc1 Nd7 13. Qxh8 Ndf6 14. e4 Bb7
15. e5 O-O-O 16. exf6 Be4 17. Bd2 Bg6 18. Qg7 e5 19. g3 exd4 20. Bh3+ Kb7 21.
Bg2+ Kb6 22. Qxg8 Qxd2+ 23. Kxd2 dxc3+ 24. Ke3 Rxg8 25. Nxc3 Bxc3 26. Rxc3 Re8+
27. Kd2 a5 28. Re1 Rd8+ 29. Kc1 Kc5 30. Rd1 Rxd1+ 31. Kxd1 b4 32. Re3 b3 33.
Be4 a4 34. Bxg6 hxg6 35. Re7 a3 36. Kc1 Kb4 37. Rxf7 c3 38. Kb1 c2+ 39. Kc1 Kc3
40. Rc7+ Kd3 41. Rd7+ Kc3 1/2-1/2

[Event "Aarhus GM Sommer 1993"]
[Site "Aarhus"]
[Date "1993.??.??"]
[Round "2"]
[White "Smagin, Sergey"]
[Black "Berg, Klaus"]
[Result "1/2-1/2"]
[WhiteElo "2520"]
[BlackElo "2395"]
[PlyCount "96"]
[EventDate "1993.08.??"]
[EventType "tourn"]
[EventRounds "9"]
[EventCountry "DEN"]
[EventCategory "9"]
[SourceTitle "CB"]

1. e4 c6 2. d4 d5 3. f3 e5 4. dxe5 Bc5 5. Nc3 Qb6 6. Na4 Qa5+ 7. c3 Bxg1 8. b4
Qc7 9. Rxg1 Qxe5 10. Qd4 Nd7 11. Qxe5+ Nxe5 12. exd5 cxd5 13. Bf4 f6 14. O-O-O
Ne7 15. Bxe5 fxe5 16. Re1 Ng6 17. Bd3 Kf7 18. Bxg6+ hxg6 19. Rxe5 Rxh2 20. Rxd5
Be6 21. Ra5 a6 22. a3 Rah8 23. Re5 Rh1 24. Rge1 Rxe1+ 25. Rxe1 b5 26. Nc5 Bc4
27. Rd1 Rh2 28. Rd2 Bf1 29. Nxa6 Rxg2 30. Rxg2 Bxg2 31. Nc7 Bf1 32. Kd2 Ke7 33.
Nd5+ Ke6 34. Ne3 Bh3 35. c4 bxc4 36. Nxc4 g5 37. Ne3 Ke5 38. b5 Bc8 39. a4 Kd4
40. Ke2 Kc5 41. Nc2 Kc4 42. Ne3+ Kc5 43. Kf2 g6 44. Ke2 Bb7 45. Nc2 Bd5 46. Kd2
Bb3 47. a5 Bd5 48. b6 Kb5 1/2-1/2

[Event "Aarhus GM Sommer 1993"]
[Site "Aarhus"]
[Date "1993.??.??"]
[Round "3"]
[White "Berg, Klaus"]
[Black "Mortensen, Erling"]
[Result "1/2-1/2"]
[WhiteElo "2395"]
[BlackElo "2445"]
[PlyCount "162"]
[EventDate "1993.08.??"]
[EventType "tourn"]
[EventRounds "9"]
[EventCountry "DEN"]
[EventCategory "9"]
[SourceTitle "CB"]

1. d4 Nf6 2. Nc3 d5 3. Bg5 Nbd7 4. Nf3 h6 5. Bh4 e6 6. e3 Bb4 7. a3 Bxc3+ 8.
bxc3 g5 9. Bg3 Ne4 10. c4 h5 11. h4 g4 12. Nd2 Nxg3 13. fxg3 c5 14. cxd5 Qc7
15. d6 Qxd6 16. Ne4 Qc6 17. Nxc5 Nxc5 18. dxc5 Qxc5 19. Qd2 Qe5 20. Rb1 Qxg3+
21. Kd1 O-O 22. e4 f6 23. Qh6 Rd8+ 24. Bd3 Rxd3+ 25. cxd3 Qxd3+ 26. Kc1 Qc3+
27. Kd1 Qd3+ 28. Kc1 Qc3+ 29. Kd1 Bd7 30. Qg6+ Kf8 31. Qh6+ Ke7 32. Rxb7 Rd8
33. Ke2 Qc4+ 34. Ke3 Qc5+ 35. Ke2 Qc2+ 36. Ke3 e5 37. Rf1 Qc5+ 38. Ke2 Qc2+ 39.
Ke3 Qc5+ 40. Ke2 Qc4+ 41. Kf2 Qxe4 42. Kg1 Qd4+ 43. Kh1 Rf8 44. Qc1 g3 45. Rb4
Qd3 46. Rf3 Rc8 47. Qe1 Qc2 48. Qxg3 Bg4 49. Rxg4 hxg4 50. Qxg4 Qc4 51. Qg7+
Qf7 52. Qg3 Rc4 53. Qf2 Ke6 54. Qa2 Ke7 55. Qf2 Ke6 56. Kh2 f5 57. Qa2 Kf6 58.
g4 f4 59. g5+ Kg6 60. Qb3 Qc7 61. Rf2 e4 62. Qh3 Kh5 63. Qf5 f3+ 64. Kh3 Qc8
65. Qxc8 Rxc8 66. Kg3 Rc3 67. Ra2 Re3 68. Kf2 Rd3 69. Kg3 a5 70. a4 Rd8 71. Rb2
Kg6 72. Kg4 Rf8 73. h5+ Kg7 74. Kg3 Rf5 75. Rb7+ Kg8 76. Rb8+ Kf7 77. g6+ Kg7
78. Rb7+ Kg8 79. Rb8+ Kg7 80. Rb7+ Kg8 81. Rb8+ Kg7 1/2-1/2

[Event "Aarhus GM Sommer 1993"]
[Site "Aarhus"]
[Date "1993.??.??"]
[Round "3"]
[White "Jelling, Erik"]
[Black "Mainka, Romuald"]
[Result "1/2-1/2"]
[WhiteElo "2395"]
[BlackElo "2515"]
[PlyCount "87"]
[EventDate "1993.08.??"]
[EventType "tourn"]
[EventRounds "9"]
[EventCountry "DEN"]
[EventCategory "9"]
[SourceTitle "CB"]

1. d4 Nf6 2. c4 c5 3. d5 b5 4. cxb5 a6 5. bxa6 g6 6. Nc3 Bxa6 7. e4 Bxf1 8.
Kxf1 d6 9. Nf3 Nbd7 10. h3 Bg7 11. Kg1 O-O 12. Kh2 Qa5 13. Re1 Rfb8 14. Re2 Ne8
15. Rc2 Qa6 16. Bg5 Rxb2 17. Rxb2 Bxc3 18. Rab1 Bxb2 19. Rxb2 f6 20. Bh6 Qc8
21. a4 Ra7 22. Ra2 Nc7 23. a5 Rb7 24. Bd2 Rb5 25. Bc3 Qa6 26. h4 Rb8 27. Qa4
Qb5 28. Nd2 Na6 29. Qxb5 Rxb5 30. Rb2 Rxb2 31. Bxb2 Kf7 32. Nc4 Ke8 33. g4 Kd8
34. f4 Nc7 35. g5 fxg5 36. hxg5 e6 37. Nxd6 exd5 38. exd5 Nxd5 39. Kg3 Ke7 40.
Nc4 Nb8 41. Be5 Na6 42. Kf3 Ke6 43. Ke4 Ne7 44. Bf6 1/2-1/2

[Event "Aarhus GM Sommer 1993"]
[Site "Aarhus"]
[Date "1993.??.??"]
[Round "3"]
[White "Kjeldsen, Jens"]
[Black "Smagin, Sergey"]
[Result "0-1"]
[WhiteElo "2380"]
[BlackElo "2520"]
[PlyCount "80"]
[EventDate "1993.08.??"]
[EventType "tourn"]
[EventRounds "9"]
[EventCountry "DEN"]
[EventCategory "9"]
[SourceTitle "CB"]

1. d4 Nf6 2. c4 e6 3. Nc3 d5 4. Nf3 Nbd7 5. e3 a6 6. b3 b6 7. Bd3 Bb7 8. O-O
Ne4 9. Bb2 Bd6 10. Qe2 O-O 11. Rad1 Qe7 12. Nd2 f5 13. f3 Nxc3 14. Bxc3 c5 15.
f4 Nf6 16. Nf3 dxc4 17. bxc4 Ne4 18. Ba1 Rad8 19. Bxe4 Bxe4 20. Ng5 Bb7 21. d5
exd5 22. cxd5 Bc8 23. Rfe1 b5 24. a4 c4 25. Rb1 Bd7 26. Nf3 Rc8 27. axb5 axb5
28. Ne5 Rc7 29. Bd4 Rfc8 30. g4 fxg4 31. Nxg4 c3 32. Qg2 Bxg4 33. Qxg4 c2 34.
Rbc1 Ba3 35. Be5 Qd7 36. Qf3 Bxc1 37. Rxc1 Rc4 38. d6 Qf7 39. f5 R4c5 40. Qg3
Rd5 0-1

[Event "Aarhus GM Sommer 1993"]
[Site "Aarhus"]
[Date "1993.??.??"]
[Round "4"]
[White "Smagin, Sergey"]
[Black "Jelling, Erik"]
[Result "1/2-1/2"]
[WhiteElo "2520"]
[BlackElo "2395"]
[PlyCount "124"]
[EventDate "1993.08.??"]
[EventType "tourn"]
[EventRounds "9"]
[EventCountry "DEN"]
[EventCategory "9"]
[SourceTitle "CB"]

1. e4 c6 2. d4 d5 3. f3 e6 4. Nc3 Nf6 5. e5 Nfd7 6. Nce2 c5 7. c3 Nc6 8. f4 b5
9. a3 cxd4 10. cxd4 b4 11. a4 Ba6 12. Nf3 b3 13. Qxb3 Nb4 14. Nc3 Bxf1 15. Rxf1
Be7 16. Kf2 Rb8 17. Qd1 O-O 18. Kg1 Nb6 19. b3 a6 20. Bd2 Nc8 21. Ne2 Na7 22.
Rc1 Qb6 23. Bxb4 Qxb4 24. Rc7 Rb7 25. Qc2 Rfb8 26. Rb1 Rxc7 27. Qxc7 Rb7 28.
Qc3 Qb6 29. f5 Rc7 30. Qd3 Nc6 31. fxe6 fxe6 32. Rc1 Nb4 33. Qd1 Rxc1 34. Qxc1
Nc6 35. Qc3 Na5 36. Nc1 h6 37. h4 Ba3 38. Qc8+ Kh7 39. Qc2+ Kg8 40. Qc8+ Kh7
41. Ne2 Qxb3 42. Qxa6 Nc4 43. Kh2 Qc2 44. Nf4 Qf5 45. Nxe6 Bc1 46. Qc8 Bf4+ 47.
g3 Qc2+ 48. Kh3 Qf5+ 49. Kh2 Qc2+ 50. Kh3 Qf5+ 51. g4 Qe4 52. Nf8+ Kg8 53. Ng6+
Kh7 54. Nf8+ Kg8 55. Nd7+ Kh7 56. Nf6+ gxf6 57. Qd7+ Kg8 58. Qe8+ Kg7 59. Qe7+
Kg8 60. Qe8+ Kg7 61. Qe6 Kf8 62. Qc8+ Kg7 1/2-1/2

[Event "Aarhus GM Sommer 1993"]
[Site "Aarhus"]
[Date "1993.??.??"]
[Round "4"]
[White "Mainka, Romuald"]
[Black "Rasmussen, Karsten"]
[Result "1/2-1/2"]
[WhiteElo "2515"]
[BlackElo "2440"]
[PlyCount "105"]
[EventDate "1993.08.??"]
[EventType "tourn"]
[EventRounds "9"]
[EventCountry "DEN"]
[EventCategory "9"]
[SourceTitle "CB"]

1. e4 c6 2. c4 d5 3. exd5 cxd5 4. cxd5 Nf6 5. Bb5+ Nbd7 6. Nc3 a6 7. Qa4 Rb8 8.
Bxd7+ Bxd7 9. Qb3 b5 10. d3 e6 11. Bf4 Rc8 12. a3 exd5 13. Nf3 Bf5 14. O-O Be7
15. Ne2 O-O 16. Ned4 Bg6 17. Rfe1 Bc5 18. a4 Qb6 19. axb5 Bxd4 20. Rxa6 Qc5 21.
Rf1 Ng4 22. Bg3 Nxf2 23. Bxf2 Bxf2+ 24. Rxf2 Qc1+ 25. Rf1 Qe3+ 26. Kh1 Qxd3 27.
Qxd3 Bxd3 28. Re1 Bxb5 29. Ra5 Bc4 30. Nd4 Rb8 31. b3 Bxb3 32. Nxb3 Rxb3 33.
Rxd5 g6 34. Kg1 Rb2 35. Rde5 Rc8 36. Re8+ Rxe8 37. Rxe8+ Kg7 38. h3 h5 39. h4
Rb3 40. g3 Rb2 41. Re3 Kf6 42. Rf3+ Ke6 43. Rf4 Rd2 44. Kf1 f6 45. Kg1 Ke5 46.
Rf3 f5 47. Re3+ Kf6 48. Ra3 Re2 49. Kf1 Re4 50. Kf2 f4 51. gxf4 Rxf4+ 52. Kg3
Rg4+ 53. Kh3 1/2-1/2

[Event "Aarhus GM Sommer 1993"]
[Site "Aarhus"]
[Date "1993.??.??"]
[Round "5"]
[White "Rasmussen, Karsten"]
[Black "Smagin, Sergey"]
[Result "1/2-1/2"]
[WhiteElo "2440"]
[BlackElo "2520"]
[PlyCount "130"]
[EventDate "1993.08.??"]
[EventType "tourn"]
[EventRounds "9"]
[EventCountry "DEN"]
[EventCategory "9"]
[SourceTitle "CB"]

1. e4 e5 2. Nf3 Nc6 3. Bb5 a6 4. Bxc6 dxc6 5. O-O Qd6 6. Na3 Be6 7. Qe2 f6 8.
Rd1 O-O-O 9. d4 Bg4 10. Be3 Qe6 11. Nc4 exd4 12. Rxd4 Rxd4 13. Bxd4 c5 14. Bc3
Ne7 15. b3 Nc6 16. h3 Bh5 17. Qe3 Be7 18. Ne1 Bg6 19. f3 Qd7 20. Nd3 Nd4 21.
Qf2 Bf7 22. Ne3 Rd8 23. Rd1 g6 24. Bb2 Qb5 25. Nd5 Bxd5 26. exd5 Qa5 27. Qe1
Qxe1+ 28. Rxe1 Kd7 29. c4 b6 30. Kf1 a5 31. Bxd4 cxd4 32. Nf4 Bb4 33. Re6 f5
34. Nd3 Bd6 35. f4 Ra8 36. a4 Rf8 37. Ke2 c5 38. Ne5+ Kc7 39. g3 Rd8 40. h4 Rf8
41. Kd3 Rd8 42. Nf7 Rd7 43. Ng5 h6 44. Nf3 Re7 45. h5 gxh5 46. Nh4 Rf7 47. Rxh6
Be7 48. Rxh5 Bxh4 49. gxh4 Re7 50. Rxf5 Re3+ 51. Kc2 Re2+ 52. Kd1 Re3 53. Rf7+
Kc8 54. f5 Rh3 55. f6 Rh1+ 56. Ke2 Rh2+ 57. Ke1 Rh1+ 58. Kf2 Rxh4 59. d6 Kd8
60. d7 Rf4+ 61. Ke2 Rf5 62. Kd2 Rf3 63. Kc2 Rc3+ 64. Kb2 Rf3 65. Kc2 Rc3+
1/2-1/2

[Event "Aarhus GM Sommer 1993"]
[Site "Aarhus"]
[Date "1993.??.??"]
[Round "5"]
[White "Jelling, Erik"]
[Black "Mortensen, Erling"]
[Result "0-1"]
[WhiteElo "2395"]
[BlackElo "2445"]
[PlyCount "102"]
[EventDate "1993.08.??"]
[EventType "tourn"]
[EventRounds "9"]
[EventCountry "DEN"]
[EventCategory "9"]
[SourceTitle "CB"]

1. d4 Nf6 2. Nf3 g6 3. c4 Bg7 4. g3 O-O 5. Bg2 d6 6. O-O Nbd7 7. Nc3 e5 8. h3
Re8 9. e4 exd4 10. Nxd4 a6 11. Rb1 Rb8 12. Re1 c5 13. Nf3 Nb6 14. b3 Nfd7 15.
Bb2 Ne5 16. Nxe5 Bxe5 17. Qd2 Be6 18. Kh2 Nd7 19. f4 Bd4 20. Ne2 Bxb2 21. Rxb2
Nf8 22. Rd1 Qf6 23. Qc3 Qe7 24. Rbd2 Rbd8 25. Qa5 Rd7 26. Nc3 h5 27. Nd5 Bxd5
28. Rxd5 h4 29. g4 Ne6 30. Qd2 Qf6 31. f5 Ng5 32. Rxd6 Qe5+ 33. Kh1 Nxe4 34.
Bxe4 Rxd6 35. Qxd6 Qxe4+ 36. Kg1 Qe3+ 37. Kg2 gxf5 38. Qd3 fxg4 39. Qxe3 Rxe3
40. hxg4 Rg3+ 41. Kh2 Rxg4 42. Rd7 b6 43. Kh3 Rg6 44. Kxh4 a5 45. Kh5 Kf8 46.
Rb7 Ke8 47. Rb8+ Kd7 48. Rb7+ Kc6 49. Rxf7 Rg2 50. Rf3 Rxa2 51. Kg4 a4 0-1

[Event "Aarhus GM Sommer 1993"]
[Site "Aarhus"]
[Date "1993.??.??"]
[Round "5"]
[White "Kjeldsen, Jens"]
[Black "Sorensen, Jan"]
[Result "1/2-1/2"]
[WhiteElo "2380"]
[BlackElo "2395"]
[PlyCount "37"]
[EventDate "1993.08.??"]
[EventType "tourn"]
[EventRounds "9"]
[EventCountry "DEN"]
[EventCategory "9"]
[SourceTitle "CB"]

1. d4 Nf6 2. Nf3 c5 3. d5 b5 4. Bg5 d6 5. e3 a6 6. a4 b4 7. Bxf6 exf6 8. Nbd2
f5 9. Nc4 a5 10. Be2 g6 11. c3 Bg7 12. cxb4 axb4 13. O-O O-O 14. Nfd2 Ba6 15.
Ra2 Re8 16. Re1 Qc7 17. a5 Nd7 18. Qa4 Bb7 19. Bf3 1/2-1/2

[Event "Aarhus GM Sommer 1993"]
[Site "Aarhus"]
[Date "1993.??.??"]
[Round "6"]
[White "Taimanov, Mark E"]
[Black "Mainka, Romuald"]
[Result "1-0"]
[WhiteElo "2500"]
[BlackElo "2515"]
[PlyCount "114"]
[EventDate "1993.08.??"]
[EventType "tourn"]
[EventRounds "9"]
[EventCountry "DEN"]
[EventCategory "9"]
[SourceTitle "CB"]

1. Nf3 Nf6 2. b3 d6 3. d4 g6 4. Bb2 Bg7 5. g3 Bg4 6. Bg2 Qc8 7. O-O Bh3 8. Re1
Bxg2 9. Kxg2 O-O 10. e4 e5 11. dxe5 Nfd7 12. Nc3 Nxe5 13. Nd5 Qd8 14. Nxe5 Bxe5
15. Bxe5 dxe5 16. Re2 c6 17. Ne3 Na6 18. Rd2 Qe7 19. Rd7 Qb4 20. Qd2 Qxd2 21.
Rxd2 Nc5 22. f3 a5 23. Rad1 Kg7 24. Nc4 Rfe8 25. Nb6 Rab8 26. a3 Re7 27. Kf2
Rbe8 28. Ke3 h5 29. h4 a4 30. b4 Ne6 31. c3 Nc7 32. Rd8 Nb5 33. Rxe8 Rxe8 34.
Rd7 Nxa3 35. Rxb7 Nb5 36. c4 Nd4 37. Ra7 a3 38. Kd3 Rb8 39. Nd7 Rd8 40. Kc3
Nxf3 41. Nc5 Rd1 42. Rxa3 Nd4 43. Nb3 Ne2+ 44. Kc2 Rd8 45. Nc5 Rb8 46. Kd2 Nd4
47. Nd3 Rb7 48. Nxe5 Rxb4 49. Ra7 Rb3 50. Rxf7+ Kg8 51. Rf6 Rxg3 52. Rxg6+ Rxg6
53. Nxg6 Kg7 54. Kd3 c5 55. Nf4 Nf3 56. Nxh5+ Kf7 57. Nf4 Nxh4 1-0

[Event "Aarhus GM Sommer 1993"]
[Site "Aarhus"]
[Date "1993.??.??"]
[Round "6"]
[White "Sorensen, Jan"]
[Black "Jelling, Erik"]
[Result "1/2-1/2"]
[WhiteElo "2395"]
[BlackElo "2395"]
[PlyCount "48"]
[EventDate "1993.08.??"]
[EventType "tourn"]
[EventRounds "9"]
[EventCountry "DEN"]
[EventCategory "9"]
[SourceTitle "CB"]

1. e4 c6 2. d4 d5 3. exd5 cxd5 4. c4 Nf6 5. Nc3 e6 6. cxd5 Nxd5 7. Nf3 Be7 8.
Bd3 Nc6 9. O-O O-O 10. Re1 Qd6 11. a3 Rd8 12. Qc2 h6 13. Nxd5 Qxd5 14. Be4 Nxd4
15. Nxd4 Qxd4 16. Be3 Qf6 17. Rad1 Bd6 18. Bc5 e5 19. Bxd6 Rxd6 20. Qc7 Rd4 21.
Rxd4 exd4 22. Bd3 Bf5 23. Qxb7 Rd8 24. Qf3 Bxd3 1/2-1/2

[Event "Aarhus GM Sommer 1993"]
[Site "Aarhus"]
[Date "1993.??.??"]
[Round "6"]
[White "Mortensen, Erling"]
[Black "Rasmussen, Karsten"]
[Result "1-0"]
[WhiteElo "2445"]
[BlackElo "2440"]
[PlyCount "77"]
[EventDate "1993.08.??"]
[EventType "tourn"]
[EventRounds "9"]
[EventCountry "DEN"]
[EventCategory "9"]
[SourceTitle "CB"]

1. e4 c6 2. d4 d5 3. Nd2 dxe4 4. Nxe4 Bf5 5. Ng3 Bg6 6. h4 h6 7. f4 e6 8. Nf3
Nd7 9. h5 Bh7 10. Bd3 Bxd3 11. Qxd3 Qc7 12. Bd2 O-O-O 13. Qe2 Ngf6 14. Ne5 Nb6
15. c3 c5 16. O-O Kb8 17. a4 cxd4 18. a5 d3 19. Nxd3 Nc4 20. Be1 Ng4 21. b4 f5
22. Rf3 Bd6 23. Qxe6 Rhe8 24. Qxf5 Nge3 25. Qg6 Nc2 26. Rc1 Nxe1 27. Rxe1 Rxe1+
28. Nxe1 Bxf4 29. Nd3 Ne5 30. Nxe5 Qxe5 31. Qg4 Qe1+ 32. Nf1 Bd6 33. Re3 Qc1
34. Qg6 Qd1 35. Re8 Rxe8 36. Qxe8+ Kc7 37. Qf7+ Kc8 38. Qg8+ Kc7 39. Qxg7+ 1-0

[Event "Aarhus GM Sommer 1993"]
[Site "Aarhus"]
[Date "1993.??.??"]
[Round "6"]
[White "Berg, Klaus"]
[Black "Kjeldsen, Jens"]
[Result "1-0"]
[WhiteElo "2395"]
[BlackElo "2380"]
[PlyCount "79"]
[EventDate "1993.08.??"]
[EventType "tourn"]
[EventRounds "9"]
[EventCountry "DEN"]
[EventCategory "9"]
[SourceTitle "CB"]

1. e4 Nf6 2. e5 Nd5 3. d4 d6 4. Nf3 dxe5 5. Nxe5 Nd7 6. Nd3 g6 7. Be2 Bg7 8.
Bf3 c6 9. c3 O-O 10. O-O e5 11. Bxd5 cxd5 12. dxe5 Nxe5 13. Nxe5 Bxe5 14. Nd2
Qf6 15. Nf3 Bg4 16. Qxd5 Bc7 17. Be3 Rad8 18. Qg5 Qe6 19. Nd4 Qd6 20. Qh4 Bd7
21. Rad1 Qa6 22. Bh6 Rfe8 23. Bg5 Rc8 24. Bf6 Be5 25. Bxe5 Rxe5 26. Nf3 Rh5 27.
Qe7 Bc6 28. Ne5 Rf5 29. Nxc6 bxc6 30. Rd8+ Rxd8 31. Qxd8+ Kg7 32. Qd4+ f6 33.
Qd7+ Kh6 34. Qe8 Qxa2 35. Qf8+ Kh5 36. f3 Rd5 37. Qxf6 Qxb2 38. g4+ Kh6 39.
Qf8+ Kg5 40. Rf2 1-0

[Event "Aarhus GM Sommer 1993"]
[Site "Aarhus"]
[Date "1993.??.??"]
[Round "7"]
[White "Jelling, Erik"]
[Black "Berg, Klaus"]
[Result "0-1"]
[WhiteElo "2395"]
[BlackElo "2395"]
[PlyCount "64"]
[EventDate "1993.08.??"]
[EventType "tourn"]
[EventRounds "9"]
[EventCountry "DEN"]
[EventCategory "9"]
[SourceTitle "CB"]

1. d4 g6 2. c4 Bg7 3. Nf3 Nf6 4. g3 c5 5. d5 b5 6. Bg2 d6 7. O-O O-O 8. cxb5 a6
9. bxa6 Bxa6 10. Nc3 Nbd7 11. h3 Nb6 12. Re1 Nfd7 13. Nd2 Qc7 14. f4 Rfb8 15.
Kh2 Nc4 16. Nxc4 Bxc4 17. e4 Bxc3 18. bxc3 Bxa2 19. Be3 Bb3 20. Qf3 Nb6 21. Bf2
Qb7 22. g4 Rxa1 23. Rxa1 Ra8 24. Rxa8+ Qxa8 25. Qe2 Nc4 26. Bh4 Kf8 27. e5 Qa2
28. Qxa2 Bxa2 29. exd6 exd6 30. Bf6 Ne3 31. f5 Bxd5 32. fxg6 fxg6 0-1

[Event "Aarhus GM Sommer 1993"]
[Site "Aarhus"]
[Date "1993.??.??"]
[Round "7"]
[White "Mainka, Romuald"]
[Black "Smagin, Sergey"]
[Result "0-1"]
[WhiteElo "2515"]
[BlackElo "2520"]
[PlyCount "80"]
[EventDate "1993.08.??"]
[EventType "tourn"]
[EventRounds "9"]
[EventCountry "DEN"]
[EventCategory "9"]
[SourceTitle "CB"]

1. e4 c6 2. d4 d5 3. e5 Bf5 4. Nf3 e6 5. Be2 c5 6. O-O Nc6 7. c3 Nge7 8. dxc5
Ng6 9. b4 Ngxe5 10. Nxe5 Nxe5 11. Bb5+ Nc6 12. Qa4 Qc8 13. c4 a6 14. Bxc6+ Qxc6
15. Qxc6+ bxc6 16. cxd5 cxd5 17. Bb2 Rb8 18. a3 f6 19. Rc1 e5 20. Nc3 Be6 21.
Na4 Be7 22. f4 exf4 23. Bd4 Kf7 24. Rab1 Bf5 25. Rb2 Rhc8 26. Kf2 Bd7 27. Nc3
Bxc5 28. Bxc5 Rxc5 29. Rbc2 Rc4 30. Nxd5 Rd4 31. Nc3 g5 32. Ne2 Rd6 33. Rc7 Re8
34. R1c2 Kg6 35. Nc3 h5 36. a4 g4 37. Rc4 h4 38. Rxf4 Rc8 39. b5 axb5 40. axb5
Rd3 0-1

[Event "Aarhus GM Sommer 1993"]
[Site "Aarhus"]
[Date "1993.??.??"]
[Round "7"]
[White "Rasmussen, Karsten"]
[Black "Sorensen, Jan"]
[Result "1/2-1/2"]
[WhiteElo "2440"]
[BlackElo "2395"]
[PlyCount "98"]
[EventDate "1993.08.??"]
[EventType "tourn"]
[EventRounds "9"]
[EventCountry "DEN"]
[EventCategory "9"]
[SourceTitle "CB"]

1. Nf3 Nf6 2. d4 g6 3. Bg5 Bg7 4. Nbd2 c5 5. Bxf6 Bxf6 6. Ne4 Qb6 7. Nxf6+ Qxf6
8. c4 d6 9. e3 O-O 10. Be2 Nc6 11. O-O cxd4 12. Nxd4 Bd7 13. Qd2 Rac8 14. Rac1
Rfd8 15. Bf3 b6 16. b3 Qg5 17. Bxc6 Bxc6 18. f4 Qf6 19. Qd3 Bb7 20. e4 e5 21.
Ne2 exf4 22. Rxf4 Qe5 23. Rcf1 Rc7 24. Nc3 Re8 25. h3 Qc5+ 26. Kh1 Qe5 27. Qg3
Bc6 28. a4 Rd7 29. Qd3 Kg7 30. Qd2 Kg8 31. Rh4 Bb7 32. Rg4 Bc6 33. h4 Qh5 34.
Rff4 Re5 35. Ne2 Qh6 36. Qd4 f5 37. Rxf5 Rxe4 38. Rxe4 gxf5 39. Rf4 Rg7 40. Nc3
Bxg2+ 41. Kh2 Be4 42. Nd5 Qg6 43. Qf2 Qg2+ 44. Qxg2 Rxg2+ 45. Kh3 Rb2 46. Nf6+
Kg7 47. Nxe4 fxe4 48. Rxe4 Rxb3+ 49. Kg4 Kf6 1/2-1/2

[Event "Aarhus GM Sommer 1993"]
[Site "Aarhus"]
[Date "1993.??.??"]
[Round "8"]
[White "Berg, Klaus"]
[Black "Rasmussen, Karsten"]
[Result "1-0"]
[WhiteElo "2395"]
[BlackElo "2440"]
[PlyCount "59"]
[EventDate "1993.08.??"]
[EventType "tourn"]
[EventRounds "9"]
[EventCountry "DEN"]
[EventCategory "9"]
[SourceTitle "CB"]

1. e4 c5 2. Nf3 e6 3. d4 cxd4 4. Nxd4 Nc6 5. Nb5 Nf6 6. Bf4 e5 7. Bg5 d6 8.
Bxf6 gxf6 9. Nd2 a6 10. Nc3 f5 11. Qh5 Bg7 12. Bc4 O-O 13. exf5 Ne7 14. f6 Bxf6
15. Nde4 Nf5 16. g4 Nd4 17. Nd5 Bg7 18. c3 Nc2+ 19. Kd2 Nxa1 20. g5 Bf5 21.
Nef6+ Kh8 22. Nxh7 Bg6 23. Qh4 Bxh7 24. Bd3 f5 25. gxf6 Bh6+ 26. Qxh6 Rf7 27.
Rg1 Qf8 28. Qh5 e4 29. Bxe4 Re8 30. Rg7 1-0

[Event "Aarhus GM Sommer 1993"]
[Site "Aarhus"]
[Date "1993.??.??"]
[Round "8"]
[White "Taimanov, Mark E"]
[Black "Smagin, Sergey"]
[Result "1/2-1/2"]
[WhiteElo "2500"]
[BlackElo "2520"]
[PlyCount "24"]
[EventDate "1993.08.??"]
[EventType "tourn"]
[EventRounds "9"]
[EventCountry "DEN"]
[EventCategory "9"]
[SourceTitle "CB"]

1. Nf3 d5 2. d4 Nf6 3. c4 c6 4. cxd5 cxd5 5. Nc3 Nc6 6. Bf4 Bf5 7. e3 e6 8. Bd3
Bxd3 9. Qxd3 Bd6 10. Bxd6 Qxd6 11. O-O O-O 12. Rfe1 Rfc8 1/2-1/2